Philosophie des jeux video / (Record no. 102382)
[ view plain ]
| 000 -LEADER | |
|---|---|
| campo de control de longitud fija | 01722cam a2200313 a 4500 |
| 005 - FECHA Y HORA DE LA ÚLTIMA TRANSACCIÓN | |
| campo de control | 20230410143455.0 |
| 008 - DATOS DE LONGITUD FIJA--INFORMACIÓN GENERAL | |
| campo de control de longitud fija | 110608s2011 fr af b 000 0 fre |
| 010 ## - NÚMERO DE CONTROL DE LA BIBLIOTECA DEL CONGRESO | |
| Número de control de LC | 2011474219 |
| 020 ## - NÚMERO INTERNACIONAL ESTÁNDAR DEL LIBRO | |
| Número Internacional Estándar del Libro | 9782355220388 |
| 020 ## - NÚMERO INTERNACIONAL ESTÁNDAR DEL LIBRO | |
| Número Internacional Estándar del Libro | 2355220387 |
| 040 ## - FUENTE DE CATALOGACIÓN | |
| Centro catalogador/agencia de origen | DLC |
| Centro/agencia transcriptor | DLC |
| 042 ## - CÓDIGO DE AUTENTICACIÓN | |
| Código de autenticación | pcc |
| 001 - NÚMERO DE CONTROL | |
| campo de control | 14aGV 1469.3bT823p 2011 |
| 082 00 - NÚMERO DE LA CLASIFICACIÓN DECIMAL DEWEY | |
| Número de clasificación | 794.801 |
| 100 1# - ENTRADA PRINCIPAL--NOMBRE DE PERSONA | |
| Nombre de persona | Triclot, Mathieu |
| 245 10 - MENCIÓN DEL TÍTULO | |
| Título | Philosophie des jeux video / |
| Mención de responsabilidad, etc. | Mathieu Triclot. |
| 260 ## - PUBLICACIÓN, DISTRIBUCIÓN, ETC. | |
| Lugar de publicación, distribución, etc. | Paris : |
| Nombre del editor, distribuidor, etc. | Editions la Decouverte, |
| Fecha de publicación, distribución, etc. | c2011. |
| 300 ## - DESCRIPCIÓN FÍSICA | |
| Extensión | 246 p., [8] p. of plates : |
| Otras características físicas | ill. (some col.) ; |
| Dimensiones | 21 cm. |
| 490 0# - MENCIÓN DE SERIE | |
| Mención de serie | Zones |
| 504 ## - NOTA DE BIBLIOGRAFÍA, ETC. | |
| Nota de bibliografía, etc. | Includes bibliographical references (p. 239-[244]). |
| 520 ## - RESUMEN, ETC. | |
| Sumario, etc. | La 4e de couv. porte : "La salle d'arcade des années 1970, ce qui s'est à chaque fois inventé, au fil de l'histoire des jeux vidéo, ce sont de nouvelles liaisons à la machine, de nouveaux régimes d'expérience, de nouvelles manières de jouir de l'écran. On aurait tort de négliger ce petit objet. Sous des dehors de gadget, il concentre en fait les logiques les plus puissantes du capitalisme informationnel. Et cela parce qu'il tient ensemble, comme aucune autre forme culturelle ne sait le faire, désir, marchandise et information. A l'âge de la "gamification généralisée", où le management rêve d'un "engagement total" mesuré par une batterie d'indicateurs, les jeux vidéo fournissent aussi un nouveau modèle pour l'organisation du travail, où l'aliénation s'évanouirait enfin dans le fun." |
| 650 #0 - PUNTO DE ACCESO ADICIONAL DE MATERIA--TÉRMINO DE MATERIA | |
| Término de materia o nombre geográfico como elemento de entrada | Video games |
| Subdivisión general | Philosophy. |
| 650 #4 - PUNTO DE ACCESO ADICIONAL DE MATERIA--TÉRMINO DE MATERIA | |
| Término de materia o nombre geográfico como elemento de entrada | Videojuegos. |
| 650 #4 - PUNTO DE ACCESO ADICIONAL DE MATERIA--TÉRMINO DE MATERIA | |
| Término de materia o nombre geográfico como elemento de entrada | Diseño de videojuegos. |
| 650 #4 - PUNTO DE ACCESO ADICIONAL DE MATERIA--TÉRMINO DE MATERIA | |
| Término de materia o nombre geográfico como elemento de entrada | Sistemas informáticos interactivos. |
| 650 #4 - PUNTO DE ACCESO ADICIONAL DE MATERIA--TÉRMINO DE MATERIA | |
| Término de materia o nombre geográfico como elemento de entrada | Videojuegos |
| Subdivisión general | Filosofia. |
| 942 ## - ELEMENTOS DE ENTRADA SECUNDARIOS (KOHA) | |
| Fuente del sistema de clasificación o colocación | Clasificación de Library of Congress |
| Tipo de ítem Koha | |
| Estatus retirado | Estado de pérdida | Fuente del sistema de clasificación o colocación | Estado de daño | No para préstamo | Colección | Biblioteca de origen | Biblioteca actual | Ubicación en estantería | Fecha de adquisición | Signatura topográfica completa | Código de barras | Visto por última vez | Copia número | Tipo de ítem Koha |
|---|---|---|---|---|---|---|---|---|---|---|---|---|---|---|
| Clasificación de Library of Congress | Ciencias Sociales | Biblioteca Juan Bosch | Biblioteca Juan Bosch | Ciencias Sociales (3er. Piso) | 10/04/2023 | GV 1469.3 T823p 2011 | 00000117401 | 21/01/2019 | 1 |
